LEADER 01738nam a2200361 a 4500 001 000000019282 003 CaOOAMICUS 005 20140624130954.0 008 950207s1994 it abef u000 u fre r 020 $a2728303096 035 $a10463525 040 $aAAR$bita$dPUL(R) 082 04$a275.6 100 1 $aHeyberger, Bernard.$0(OLS)http://pul/name/16941 245 14$aLes chrétiens du Proche-Orient au temps de la réforme catholique :$b(Syrie, Liban, Palestine, XVIIe-XVIIIe siècles) /$cpar Bernard Heyberger. 260 $aRome :$bEcole française,$c1994. 300 $a665 p., [2] c. di tav. :$bill., c. geogr., piante ;$c24 cm 490 1 $aBibliothèque des écoles françaises d'Athènes et de Rome ;$v284 500 $aContiene indici. 650 4$aCristianesimo$zOriente$ySec. XVII-XVIII.$0(OLS)http://pul/subject/12996 830 0$aBibliothèque des écoles françaises d'Athènes et de Rome ;$v284.$0(OLS)http://pul/title/260 850 $aPUL 852 $aPUL$W1$xDP2 Religione 3$y114$m275. 6 HEYBE 1$j160407$b2. copia$qDDC 21$B159850$CPULBib$Z2$F159850 $H91135 $82 852 $aPUL$W1$xDP1 Cons. Gen., Altre Classi 1$y22$m1039 H 1.284$j184207$qStampati$B187411$CPULBib$Z2$F187411 $82 941 1 $a8 941 1 $a9 961 $aDono del prof. B. Ferme. 961 $aDedica autografa. 996 $6020$a2728303096$9(OLS)http://pul/number/24655 996 $6082$a275.6$9(OLS)http://pul/classification/1986 996 $6245$aLes chrétiens du Proche-Orient au temps de la réforme catholique :$b(Syrie, Liban, Palestine, XVIIe-XVIIIe siècles)$9(OLS)http://pul/title/27311 996 $6260$aRome :$bEcole française$9(OLS)http://pul/publisher/47988 LEADER 01320nam a2200265 u 4500 001 000000106640 003 CaOOAMICUS 005 20070903161442.0 008 070903s1997 fr u000 u fre u 040 $aPUL$bita$dPG 100 1 $aKeel, Othmar.$0(OLS)http://pul/name/25836 245 13$aLe cantique des cantiques :$bintroduction et commentaire /$cOthmar Keel ; traduction de l'allemand par Susanne Müller-Trufaut. 260 $aParis :$bLes Éditions du Cerf ;$aFribourg, Suisse :$bÉditions Universitaires,$c1997. 300 $a312 p. ;$c23 cm. 490 1 $aLectio divina.$aCommentaires ;$v6 504 $aInclude bibliografie e indici. 630 04$aBiblia.$pV.T.$pCanticum canticorum.$0(OLS)http://pul/subject/7949 700 1 $aMüller-Trufaut, Susanne.$0(OLS)http://pul/name/65482 830 0$aLectio divina.$pCommentaires ;$v6.$0(OLS)http://pul/title/39067 850 $aPUL 852 $aPUL$W1$xSL Religione 1$y3$m9 L 6$j120577$qStampati$B119822$CPULBib$Z2$F119822 $H79148 $82 941 1 $a8 996 $6245$aLe cantique des cantiques :$bintroduction et commentaire$9(OLS)http://pul/title/134263 996 $6260$aParis :$bLes Éditions du Cerf$9(OLS)http://pul/publisher/47861 996 $6260$aFribourg, Suisse :$bÉditions Universitaires$9(OLS)http://pul/publisher/51835